[Event "Budapest FS08 GM"]
[Site "Budapest HUN"]
[Date "1995.??.??"]
[Round "7"]
[White "Beim, Valery"]
[Black "Lehmann, Zoltan"]
[Result "1-0"]
[WhiteElo "2540"]
[BlackElo "2340"]
[PlyCount "49"]
[EventDate "1995.08.??"]
[Source "www.chesslib.no"]
[SourceDate "2004.05.04"]

1. c4 e5 2. Nc3 d6 3. Nf3 f5 4. d3 Nf6 5. g3 g6 6. Bg2 Bg7 7. O-O O-O 8. Rb1 a5 9. c5 Kh8 10. cxd6 Qxd6 11. b3 Bd7 12. Bb2 Bc6 13. Qc1 Na6 14. a4 Rae8 15. Nb5 Bxb5 16. axb5 Nb4 17. Qc4 Re7 18. Rbc1 Nfd5 19. Rfd1 Rd8 20. Ra1 e4 21. Bxg7+ Kxg7 22. dxe4 Rxe4 23. Nd4 Re7 24. Rxa5 b6 25. Rda1 1-0

[Event "URS Spartakiad"]
[Site "URS"]
[Date "1979.??.??"]
[Round "?"]
[White "Magerramov, Elmar"]
[Black "Popov, Nikolay"]
[Result "1/2-1/2"]
[WhiteElo "2435"]
[BlackElo "2435"]
[PlyCount "82"]
[EventDate "1979.??.??"]
[Source "ChessBase"]

1. c4 e5 2. Nc3 d6 3. Nf3 f5 4. d4 e4 5. Ng5 Be7 6. Nh3 Nf6 7. Nf4 c6 8. e3 Na6 9. d5 c5 10. Be2 O-O 11. h4 Nc7 12. a3 Nd7 13. g3 Ne5 14. Bd2 Bd7 15. b4 b6 16. Kf1 a6 17. bxc5 bxc5 18. Kg2 Qb8 19. Qc2 Qa7 20. a4 a5 21. Nb5 Qb6 22. Bc3 Na6 23. Qb2 Bf6 24. Nh5 Rae8 25. Nxf6+ Rxf6 26. Qd2 Nb4 27. h5 h6 28. Rh4 Rf7 29. Rb1 Rfe7 30. Ba1 Rf8 31. Qc3 Bc8 32. Rg1 Bd7 33. Qd2 Bc8 34. Bc3 Bd7 35. Rf4 Bc8 36. Kf1 Rff7 37. Bxe5 Rxe5 38. Qc3 Qd8 39. Ke1 Qe7 40. Kd2 Bd7 41. Qb2 Bc8 1/2-1/2

[Event "Decin"]
[Site "Decin"]
[Date "1977.??.??"]
[Round "?"]
[White "Liebert, Heinz"]
[Black "Barcza, Gedeon"]
[Result "1/2-1/2"]
[WhiteElo "2435"]
[BlackElo "2435"]
[PlyCount "108"]
[EventDate "1977.07.??"]
[Source "www.chesslib.no"]
[SourceDate "2004.05.04"]

1. c4 e5 2. Nc3 d6 3. Nf3 f5 4. d4 e4 5. Ng5 Be7 6. Nh3 Nf6 7. e3 O-O 8. Be2 c6 9. O-O Na6 10. f3 exf3 11. Bxf3 Nc7 12. Bd2 Qe8 13. Qc2 Bd7 14. Rae1 Ne6 15. d5 Nc5 16. Nf2 a5 17. dxc6 bxc6 18. Na4 Nxa4 19. Qxa4 d5 20. Bc3 Ne4 21. cxd5 cxd5 22. Qd1 Be6 23. Bd4 Bd6 24. Nd3 Bd7 25. Nf4 Bc6 26. Nh5 Rf7 27. g3 Qe7 28. Qc2 Bb5 29. Be2 Bxe2 30. Qxe2 Qb7 31. Rd1 g6 32. Nf4 Rc8 33. Rc1 Bxf4 34. gxf4 Rfc7 35. Rxc7 Rxc7 36. Be5 Rc5 37. Bd4 Rc4 38. b3 Rc6 39. Qd3 Qc8 40. Bb2 Qe6 41. Qd4 Nf6 42. Rc1 Rxc1+ 43. Bxc1 Kf7 44. Bb2 Ng4 45. Qg7+ Ke8 46. Qh8+ Kd7 47. Qxh7+ Kc6 48. Bd4 Qe4 49. Qxg6+ Kd7 50. Qh7+ Kc6 51. Qg6+ Kd7 52. Qh7+ Kc6 53. Qh3 Kc7 54. Qh7+ Kc6 1/2-1/2

[Event "B"]
[Site "Dortmund-B"]
[Date "1988.??.??"]
[Round "?"]
[White "Bukal, Vladimir sr"]
[Black "Mainka, Romuald"]
[Result "1-0"]
[WhiteElo "2415"]
[BlackElo "2450"]
[PlyCount "70"]
[EventDate "1988.??.??"]
[Source "www.chesslib.no"]
[SourceDate "2004.05.04"]

1. c4 e5 2. Nc3 d6 3. Nf3 f5 4. d4 e4 5. Bg5 Qd7 6. Ng1 h6 7. Bd2 Nf6 8. h4 Qf7 9. e3 c5 10. Nh3 Nc6 11. d5 Ne5 12. Nf4 g6 13. Nb5 b6 14. Qa4 Kd8 15. Bc3 a6 16. Rd1 Qe8 17. Qa3 Bd7 18. b4 Kc8 19. bxc5 bxc5 20. Rb1 Rg8 21. Qa5 Qd8 22. Na7+ Rxa7 23. Rb8+ Kxb8 24. Qxd8+ Bc8 25. Bxe5 dxe5 26. Qxf6 exf4 27. Qe5+ Rc7 28. Qxf4 Bg7 29. Be2 Bc3+ 30. Kd1 Bd7 31. Kc2 Bb4 32. Rb1 Kc8 33. Qd6 Rb7 34. Qxa6 Kc7 35. a3 Bc6 1-0

[Event "Leningrad Kotov Memorial"]
[Site "Leningrad RUS"]
[Date "1984.??.??"]
[Round "10"]
[White "Stohl, Igor"]
[Black "Vorotnikov, Vladislav V"]
[Result "0-1"]
[WhiteElo "2405"]
[BlackElo "2460"]
[PlyCount "54"]
[EventDate "1984.??.??"]
[Source "www.chesslib.no"]
[SourceDate "2004.05.04"]

1. c4 e5 2. Nc3 d6 3. Nf3 f5 4. d4 e4 5. Bg5 Nf6 6. Nd2 Be7 7. e3 O-O 8. b4 c6 9. Be2 Na6 10. Rb1 Nc7 11. c5 d5 12. b5 Ne6 13. bxc6 bxc6 14. Bxf6 Bxf6 15. Qa4 Qc7 16. Nb3 f4 17. Nd1 Rb8 18. Kd2 Ng5 19. exf4 Ne6 20. Ne3 Nxf4 21. h4 Bd8 22. Rb2 a5 23. Kc1 Rb4 24. Qa3 Nxe2+ 25. Rxe2 Ba6 26. Rd2 Bd3 27. Kb2 Qb7 0-1

[Event "St Petersburg Ch Open"]
[Site "St Petersburg RUS"]
[Date "1992.??.??"]
[Round "?"]
[White "Uliashev, A."]
[Black "Agrest, Evgenij"]
[Result "1-0"]
[WhiteElo "2375"]
[BlackElo "2485"]
[PlyCount "89"]
[EventDate "1992.??.??"]
[Source "www.chesslib.no"]
[SourceDate "2004.05.04"]

1. c4 e5 2. Nc3 d6 3. Nf3 f5 4. d4 e4 5. Bg5 Qd7 6. Ng1 h6 7. Bd2 c6 8. h4 Qf7 9. e3 Nf6 10. Nh3 Be7 11. Nf4 Nbd7 12. h5 Nf8 13. d5 Ng4 14. f3 exf3 15. gxf3 Ne5 16. Qe2 Bd7 17. O-O-O c5 18. Nb5 Rc8 19. Ba5 b6 20. Bc3 a6 21. Na7 Rb8 22. Bh3 b5 23. Nc6 Nxc6 24. dxc6 Bxc6 25. Nd5 Ne6 26. Nxe7 Kxe7 27. e4 fxe4 28. Bxe6 Qxe6 29. Rhg1 g5 30. hxg6 Rhg8 31. g7 bxc4 32. f4 Qf5 33. Qh2 Ba4 34. Rd2 d5 35. Qxh6 d4 36. Qxa6 Bd7 37. Qxc4 dxc3 38. Qxc3 Qxf4 39. Qxc5+ Ke8 40. Qh5+ Kd8 41. Qd5 Qc7+ 42. Kb1 Ke7 43. Qg5+ Ke8 44. Qg6+ Ke7 45. Rf1 1-0

[Event "URS Ch sf"]
[Site "Yaroslav"]
[Date "1982.??.??"]
[Round "?"]
[White "Cherepkov, Alexander V"]
[Black "Lukin, Andrei M"]
[Result "0-1"]
[WhiteElo "2395"]
[BlackElo "2465"]
[PlyCount "70"]
[EventDate "1982.??.??"]
[Source "www.chesslib.no"]
[SourceDate "2004.05.04"]

1. c4 e5 2. Nc3 d6 3. Nf3 f5 4. d4 e4 5. Ng5 Be7 6. h4 Nf6 7. e3 O-O 8. Be2 c6 9. d5 Na6 10. g3 Nc7 11. a3 Nd7 12. Nh3 c5 13. Nf4 Bf6 14. Bd2 Ne5 15. b4 b5 16. cxb5 c4 17. Kf1 Nd3 18. a4 Bb7 19. Ra3 Qe8 20. Rg1 Qf7 21. g4 Nxd5 22. Ncxd5 Bxd5 23. gxf5 Be5 24. Bxd3 exd3 25. Bc3 Qxf5 26. Rg5 Qf6 27. Qd2 Bf3 28. Kg1 Rf7 29. Rg3 Bb7 30. Ng2 Be4 31. f4 Bxc3 32. Rxc3 d5 33. Rc1 Rc8 34. Qc3 Qxc3 35. Rxc3 d2 0-1

[Event "Campionato indiano 2008"]
[Site "Mangalore IND"]
[Date "2008.12.22"]
[Round "5"]
[White "Akshayraj, K."]
[Black "Rathnakaran, K."]
[Result "1/2-1/2"]
[WhiteElo "2400"]
[BlackElo "2458"]
[PlyCount "167"]
[EventDate "2008.12.17"]
[Source "www.chesslib.no"]
[SourceDate "2004.05.04"]

1. c4 e5 2. Nc3 d6 3. Nf3 g6 4. d4 Nd7 5. Bg5 f6 6. Bd2 Bg7 7. Qc2 Nh6 8. e4 Nf7 9. Be2 a5 10. O-O-O c6 11. h4 Qb6 12. Be3 Bh6 13. Bxh6 Nxh6 14. c5 dxc5 15. dxe5 fxe5 16. Ng5 Nf8 17. Rd6 Qc7 18. Rhd1 Nf7 19. Nxf7 Kxf7 20. Qd2 Qe7 21. Na4 Ne6 22. Bc4 Kg7 23. Bxe6 Bxe6 24. Nxc5 Bf7 25. Qc3 Rhe8 26. f4 Qxh4 27. g3 Qe7 28. Rd7 Qf8 29. Rxb7 Re7 30. Rdd7 Rae8 31. fxe5 Kg8 32. e6 Bxe6 33. Nxe6 Rxd7 34. Nxf8 Rxb7 35. Qxc6 Rbb8 36. Nxg6 Kg7 37. Nf4 Rbc8 38. Ne6+ Kg8 39. Nc7 Re7 40. Qd5+ Rf7 41. Kd2 Rcxc7 42. Qxa5 Rf2+ 43. Ke3 Rcc2 44. Qg5+ Kh8 45. b4 Rxa2 46. b5 Rf7 47. Kd4 Ra4+ 48. Kd5 Rb4 49. Qe5+ Kg8 50. Qe8+ Kg7 51. Qe5+ Kg8 52. Qe8+ Kg7 53. e5 Rb7 54. Kc5 Rb1 55. g4 Rc1+ 56. Kd4 Rd1+ 57. Ke4 Re1+ 58. Kd3 Rb1 59. Kc4 Rc1+ 60. Kd4 Rd1+ 61. Ke3 Rb1 62. e6 R1xb5 63. Kf4 Rb4+ 64. Kg5 R4b5+ 65. Kf4 Rb4+ 66. Kg3 Rb3+ 67. Kh4 Re3 68. Kh5 Re1 69. Kg5 h6+ 70. Kf5 Rf1+ 71. Ke5 Re1+ 72. Kd4 Kf6 73. Qf8+ Kxe6 74. Qf5+ Kd6 75. Qc5+ Kd7 76. Qd5+ Kc8 77. Qg8+ Kd7 78. Qd5+ Kc8 79. Qg8+ Kd7 80. Qd5+ Kc8 81. Qc6+ Rc7 82. Qa6+ Kb8 83. Qb6+ Kc8 84. Qa6+ 1/2-1/2

[Event "Kemerovo2"]
[Site "Kemerovo"]
[Date "1995.??.??"]
[Round "5"]
[White "Permiakov, Vladimir"]
[Black "Komliakov, Viktor"]
[Result "0-1"]
[WhiteElo "2330"]
[BlackElo "2525"]
[PlyCount "58"]
[EventDate "1995.08.??"]
[Source "ChessBase"]

1. c4 e5 2. Nc3 d6 3. Nf3 f5 4. d4 e4 5. Ng1 c6 6. g3 Be7 7. Bg2 Nf6 8. Nh3 Nbd7 9. O-O Nb6 10. b3 d5 11. cxd5 Nfxd5 12. Nxd5 Nxd5 13. a4 g5 14. f3 e3 15. Qd3 f4 16. Qe4 O-O 17. g4 a5 18. Bb2 Bb4 19. Rac1 Qf6 20. Kh1 Bd7 21. Qd3 Be8 22. Ba1 Bg6 23. Qd1 Rac8 24. Rc5 b6 25. Rc4 Ba3 26. Qe1 Rfd8 27. Qd1 b5 28. Rc5 Bxc5 29. dxc5 Nc3 0-1

[Event "Corr"]
[Site "?"]
[Date "1998.??.??"]
[Round "?"]
[White "Bochev Krasimir"]
[Black "Berclaz Philippe H"]
[Result "1/2-1/2"]
[WhiteElo "2495"]
[BlackElo "2345"]
[PlyCount "95"]
[EventDate "1998.??.??"]
[Source "www.chesslib.no"]
[SourceDate "2004.05.04"]

1. c4 e5 2. Nc3 d6 3. Nf3 f5 4. d4 e4 5. Bg5 Be7 6. Bxe7 Qxe7 7. Nd2 Nf6 8. e3 O-O 9. Be2 c5 10. dxc5 dxc5 11. Nd5 Qe5 12. Qc2 b6 13. Rd1 Nc6 14. Nb1 Ba6 15. Nbc3 Nxd5 16. Rxd5 Nb4 17. Rxe5 Nxc2+ 18. Kd2 Nb4 19. Re7 Rfd8+ 20. Kc1 Nd3+ 21. Bxd3 Rxd3 22. Nb5 Bxb5 23. cxb5 Rad8 24. Rxa7 Rd2 25. Rf1 Re2 26. Rd1 Rxd1+ 27. Kxd1 Rxb2 28. a4 c4 29. Ra6 Ra2 30. Kc1 Kf7 31. Rxb6 Rxa4 32. Kc2 Ra2+ 33. Kc3 Rxf2 34. Rb7+ Kf6 35. Rb8 Ke6 36. b6 Kd7 37. Rb7+ Kc6 38. Rxg7 Kxb6 39. Kxc4 Kc6 40. Rxh7 Rxg2 41. Kd4 Rd2+ 42. Ke5 Re2 43. Rh3 Kc5 44. Kxf5 Kd5 45. Kf4 Rf2+ 46. Kg3 Rf5 47. Kg2 Kc4 48. Rh8 1/2-1/2

[Event "Terrassa op"]
[Site "?"]
[Date "1998.??.??"]
[Round "?"]
[White "Ubach Miralda Marcelo"]
[Black "Arencibia Walter"]
[Result "0-1"]
[WhiteElo "2305"]
[BlackElo "2535"]
[PlyCount "76"]
[EventDate "1998.??.??"]
[Source "www.chesslib.no"]
[SourceDate "2004.05.04"]

1. c4 e5 2. Nc3 d6 3. Nf3 f5 4. d4 e4 5. Ng5 Be7 6. Nh3 c6 7. e3 Nf6 8. Be2 Na6 9. O-O Nc7 10. Rb1 d5 11. b4 dxc4 12. Bxc4 Nfd5 13. Bd2 Be6 14. Bb3 O-O 15. f3 exf3 16. Qxf3 Qd7 17. Nf2 Nxc3 18. Bxc3 Nb5 19. Be1 Bxb3 20. Rxb3 f4 21. Qg4 Qxg4 22. Nxg4 fxe3 23. Rxe3 Rfe8 24. Rg3 Kh8 25. Ne5 h6 26. Ng6+ Kh7 27. Nxe7 Rxe7 28. Bf2 Rd8 29. Rd1 Re2 30. a4 Nc7 31. d5 Rxd5 32. Rxd5 Nxd5 33. Bxa7 Re4 34. Bc5 g5 35. Rf3 Kg6 36. Rb3 Re1+ 37. Kf2 Ra1 38. a5 Ra2+ 0-1

[Event "TCh-RUS, Tomsk RUS"]
[Site "?"]
[Date "2001.??.??"]
[Round "2"]
[White "Telnov, V."]
[Black "Batsanin, D."]
[Result "1-0"]
[WhiteElo "2400"]
[BlackElo "2435"]
[PlyCount "121"]
[EventDate "2001.??.??"]
[Source "www.chesslib.no"]
[SourceDate "2004.05.04"]

1. c4 e5 2. Nc3 d6 3. Nf3 f5 4. d4 e4 5. Ng5 Be7 6. Nh3 c6 7. g3 Nf6 8. Nf4 O-O 9. h4 Na6 10. Bg2 Nc7 11. O-O Bd7 12. Qb3 Qc8 13. f3 exf3 14. exf3 Ne6 15. Nce2 Kh8 16. Re1 Qc7 17. Qd3 Rae8 18. Bh3 Qc8 19. Bd2 Nd8 20. Rac1 Nf7 21. Bg2 Bd8 22. b4 Re7 23. Nc3 Rfe8 24. Rxe7 Rxe7 25. c5 Bc7 26. Bf1 Qe8 27. Bh3 g6 28. Kf2 Kg7 29. Rb1 b6 30. Qa6 dxc5 31. bxc5 bxc5 32. Qxa7 Bd6 33. dxc5 Be5 34. Qa4 h6 35. Bf1 g5 36. hxg5 hxg5 37. Nd3 Bc7 38. Re1 Rxe1 39. Bxe1 Qb8 40. Kg2 Ne5 41. Qd4 g4 42. fxg4 Nexg4 43. Be2 Qe8 44. Bxg4 fxg4 45. Bd2 Qg6 46. Bf4 Bxf4 47. Nxf4 Qc2+ 48. Kf1 Qc1+ 49. Kf2 Kf7 50. Nce2 Qh1 51. Ng2 Bf5 52. Qf4 Ne4+ 53. Ke3 Qxg2 54. Qxf5+ Nf6 55. a4 Kg7 56. Qg6+ Kxg6 57. Nf4+ Kf5 58. Nxg2 Ne4 59. Nh4+ Ke5 60. Ng6+ Kd5 61. Ne7+ 1-0